|
|
|
|
| LEADER |
00837nab a2200241 i 4500 |
| 001 |
publ18039 |
| 005 |
20200127143206.0 |
| 008 |
200127s2016 hu o 0|| zxx d |
| 022 |
|
|
|a 0066-782X
|
| 024 |
7 |
|
|a 10.5935/abc.20160050
|2 doi
|
| 024 |
7 |
|
|a 3170678
|2 mtmt
|
| 040 |
|
|
|a SZTE Publicatio Repozitórium
|b hun
|
| 041 |
|
|
|a zxx
|
| 100 |
1 |
|
|a Nemes Attila
|
| 245 |
1 |
0 |
|a Left Ventricular Rigid Body Rotation in Ebstein's Anomaly from the MAGYAR-Path Study
|h [elektronikus dokumentum] /
|c Nemes Attila
|
| 260 |
|
|
|c 2016
|
| 300 |
|
|
|a 544-545
|
| 490 |
0 |
|
|a ARQUIVOS BRASILEIROS DE CARDIOLOGIA
|v 106 No. 6
|
| 700 |
0 |
1 |
|a Havasi Kálmán
|e aut
|
| 700 |
0 |
1 |
|a Domsik Péter
|e aut
|
| 700 |
0 |
1 |
|a Kalapos Anita
|e aut
|
| 700 |
0 |
1 |
|a Forster Tamás
|e aut
|
| 856 |
4 |
0 |
|u http://publicatio.bibl.u-szeged.hu/18039/1/2016_Left_Ventricular_Image.pdf
|z Dokumentum-elérés
|